Les 13 premiers états des Etats-Unis - Statistiques

Statistiques générales
  • Ce quiz a été pris 174 fois
  • Le résultat moyen est 11 sur 13
Statistiques - réponses
Date de ratification Etat % Correct
26 juillet 1788 New York
93%
25 juin 1788 Virginie
90%
21 novembre 1789 Caroline du Nord
87%
23 mai 1788 Caroline du Sud
86%
7 décembre 1787 Delaware
86%
12 décembre 1787 Pennsylvanie
86%
18 décembre 1787 New Jersey
82%
29 mai 1790 Rhode Island
82%
6 février 1788 Massachusetts
79%
21 juin 1788 New Hampshire
79%
9 janvier 1788 Connecticut
77%
28 avril 1788 Maryland
74%
2 janvier 1788 Géorgie
73%
Aucun quiz correspondant
Distribution des résultats
% des personnes avec chaque résultat
Percentile par nombre de réponses
Votre historique - résultats
Vous n’avez pas pris ce quiz